| 000 | 00397 a2200157 4500 | ||
|---|---|---|---|
| 005 | 20260130115252.0 | ||
| 008 | 260130b |||||||| |||| 00| 0 eng d | ||
| 020 | _a9780007492893 | ||
| 082 | _a720/MCA | ||
| 100 |
_amcCandless D _926729 |
||
| 245 | _aInformation Is Beautiful | ||
| 260 |
_bWilliam Collins _c2012 _aLondon |
||
| 300 |
_a255p _bHB |
||
| 500 | _aGeneral Architecture | ||
| 942 | _cBK | ||
| 999 |
_c370240 _d370240 |
||